Score 0/10 Timer 01:00
0 Plays Today
Clue 4-Letter Word % Correct
Unit of distance, approximately 1.6 kilometresMILE
87.9%
Tiny insects that live on people's headsLICE
83.5%
Alternatively, you can split the Oreo and do thisLICK
79.5%
Its fur is popular in clothingMINK
77.2%
[Rung 1] it in [Rung 4], then [Rung 7].MILK
76.1%
[Rung 1] it in [Rung 4], then [Rung 7].DUNK
71.5%
Weakly hit a ballDINK
62.1%
Have less fat or caloriesLITE
52.8%
[Rung 1] it in [Rung 4], then [Rung 7].BITE
37.8%
Anger and irritabilityBILE
35.3%

Today's Daily Dose

Remove Ads.
Support Sporcle.
Get the best of Sporcle when you Go Orange. This ad-free experience offers more features, more stats, and more fun while also helping to support Sporcle. Thank you for becoming a member.

You're not logged in!

Compare scores with friends on all Sporcle quizzes.
OR
Log In

Show Comments

Extras

Top Quizzes Today


Score Distribution

Your Account Isn't Verified!

In order to create a playlist on Sporcle, you need to verify the email address you used during registration. Go to your Sporcle Settings to finish the process.

Report this User

Report this user for behavior that violates our Community Guidelines.

Details: